Rechtswissenschaft und Nachbarwissenschaften / 1 [Autorenverz. Klaus Dammann ...]
| Otros Autores: | |
|---|---|
| Tipo de documento: | Print Libro |
| Lenguaje: | Alemán |
| Publicado: |
München
Beck
1973
|
| En: |
Rechtswissenschaft und Nachbarwissenschaften
Año: 1973 |
| Disponibilidad en Tübingen: | Disponible en Tübingen. IFK: G I 205 |
| Verificar disponibilidad: | HBZ Gateway |
| Servicio de pedido Subito: | Pedir ahora. |
MARC
| LEADER | 00000cam a2200000 cc4500 | ||
|---|---|---|---|
| 001 | 1091802041 | ||
| 003 | DE-627 | ||
| 005 | 20240425204400.0 | ||
| 007 | tu | ||
| 008 | 901002s1973 xx ||||| 00| ||ger c | ||
| 020 | |a 3807260072 |9 3-8072-6007-2 | ||
| 035 | |a (DE-627)1091802041 | ||
| 035 | |a (DE-576)021802041 | ||
| 035 | |a (DE-599)BSZ021802041 | ||
| 035 | |a (OCoLC)311381206 | ||
| 040 | |a DE-627 |b ger |c DE-627 |e rakwb | ||
| 041 | |a ger | ||
| 084 | |a 1 |2 ssgn | ||
| 084 | |a PI 4130 |2 rvk |0 (DE-625)rvk/136626: | ||
| 245 | 0 | 0 | |a Rechtswissenschaft und Nachbarwissenschaften |n 1 |p [Autorenverz. Klaus Dammann ...] |c hrsg. von Dieter Grimm |
| 264 | 1 | |a München |b Beck |c 1973 | |
| 300 | |a 287 S. | ||
| 336 | |a Text |b txt |2 rdacontent | ||
| 337 | |a ohne Hilfsmittel zu benutzen |b n |2 rdamedia | ||
| 338 | |a Band |b nc |2 rdacarrier | ||
| 490 | 0 | |a Fischer-Athenäum-Taschenbücher |v 6007 |a Rechtswissenschaft | |
| 583 | 1 | |a Archivierung/Langzeitarchivierung gewährleistet |f SSG |x XA-DE-BW |2 pdager |5 DE-21 | |
| 700 | 1 | |a Dammann, Klaus |d 1939- |0 (DE-588)1011260409 |0 (DE-627)704758717 |0 (DE-576)160670179 |4 oth | |
| 773 | 1 | 8 | |a Rechtswissenschaft und Nachbarwissenschaften |w (DE-627)107507813X |w (DE-576)00507813X |g 1 |q 1 |7 nnam |
| 935 | |a mteo | ||
| 936 | r | v | |a PI 4130 |b Beziehung des Rechts zu anderen Wissenschaften (nicht zur Soziologie), Ökonomische Theorie des Rechts |k Rechtswissenschaft |k Allgemeine Rechtslehre und Rechtstheorie, Rechts- und Staatsphilosophie, Rechtssoziologie |k Recht als Kulturerscheinung |k Beziehung des Rechts zu anderen Wissenschaften (nicht zur Soziologie), Ökonomische Theorie des Rechts |0 (DE-627)1271266393 |0 (DE-625)rvk/136626: |0 (DE-576)201266393 |
| 951 | |a MV | ||
| ELC | |b 1 | ||
| LOK | |0 000 xxxxxcx a22 zn 4500 | ||
| LOK | |0 001 2151854337 | ||
| LOK | |0 003 DE-627 | ||
| LOK | |0 004 1091802041 | ||
| LOK | |0 005 20250311095701 | ||
| LOK | |0 008 930614||||||||||||||||ger||||||| | ||
| LOK | |0 040 |a DE-21-110 |c DE-627 |d DE-21-110 | ||
| LOK | |0 852 |a DE-21-110 | ||
| LOK | |0 852 1 |c G I 205 |m p |9 00 | ||
| LOK | |0 935 |a k110 | ||
| LOK | |0 936ln |a 2.1 | ||
| LOK | |0 938 |k p | ||
| LOK | |0 939 |a 14-06-93 |b l01 | ||
| ORI | |a SA-MARC-krimdoka001.raw | ||
| SIG | |a IFK: G I 205 | ||
